000 00339nam a22001697a 4500
003 UA-OsUOA
001 5960
007 ta
008 20050721b un ||||| |||| 00| 0 ukr d
100 _aWindsor
700 _aMerrill
942 _cBK
040 _aUA-OsUOA
_cUA-OsUOA
_dUA-OsUOA
245 _aTrails West.
955 _a2
650 7 _2UDC
999 _c292122
_d292122